Commentarius in quatuor S. evangelia Domini N. Iesu Christi

Збережено в:
Бібліографічні деталі
Автор: Knabenbauer, Iosepho (Автор)
Формат: Книга
Мова:Латинська
Опубліковано: París P. Lethielleux 1907
Редагування:1a. ed
Серія:Cursus Scripturae Sacrae, 2
Предмети:
Теги: Додати тег
Немає тегів, Будьте першим, хто поставить тег для цього запису!

MARC

LEADER 00000cam a2200000 a 4500
001 UCD2494
003 CL-VaPUC
008 160428e19070000fr |||||||||||||||||lat|d
082 0 4 |a 226  |b KNA  |2 21 
100 |a Knabenbauer, Iosepho  |e author  |9 585842 
245 1 0 |a Commentarius in quatuor S. evangelia Domini N. Iesu Christi 
250 |a 1a. ed 
300 |a v.2 
942 |c BK 
945 |d 20160428 21:50:00  |a dcastane 
260 |a París  |b P. Lethielleux  |c 1907 
500 |a v.2: Evangelium secundum S. Marcum 
500 |a v.1 p.1: Evangelium secundum S. Matthaeum 
500 |a v.1 p.2: Evangelium secundum S. Matthaeum 
500 |a v.3: Evangelium secundum Lucam 
500 |a v.4: Evangelium secundum Ioannem 
650 0 |a Biblia  |9 257603 
650 0 |a Nuevo testamento  |9 257604 
650 0 |a Cartas apostólicas  |9 373744 
650 7 |a SAN MARCOS  |2 CL-VaPUC  |9 545520 
583 |a last modification  |c 20160428 21:50:00  |k Rodrigo Vera 
490 0 |a Cursus Scripturae Sacrae, 2 
999 |c 363656  |d 363654 
952 |0 0  |1 0  |3 erd  |4 0  |6 226_000000000000000_KNA_1907  |7 0  |8 X  |9 476276  |a BIBTEO  |b BIBTEO  |c TEO_FFR  |h v.2  |i 5229162  |o 226 KNA 1907  |p 5229162  |r 2024-01-18  |w 2019-11-24  |y BK_X  |z Catalogado en:20160428  |k OFM 
952 |0 0  |1 0  |3 erd  |4 0  |6 226_000000000000000_KNA_1907  |7 0  |8 X  |9 476277  |a BIBTEO  |b BIBTEO  |c TEO_FFR  |h v.1 p.1  |i 522912K  |o 226 KNA 1907  |p 522912K  |r 2024-01-18  |w 2019-11-24  |y BK_X  |z Catalogado en:20160428  |k OFM 
952 |0 0  |1 0  |3 erd  |4 0  |6 226_000000000000000_KNA_1907  |7 0  |8 X  |9 476278  |a BIBTEO  |b BIBTEO  |c TEO_FFR  |h v.1 p.2  |i 5229138  |o 226 KNA 1907  |p 5229138  |r 2024-01-18  |w 2019-11-24  |y BK_X  |z Catalogado en:20160428  |k OFM 
952 |0 0  |1 0  |3 erd  |4 0  |6 226_000000000000000_KNA_1907  |7 0  |8 X  |9 476279  |a BIBTEO  |b BIBTEO  |c TEO_FFR  |h v.3  |i 5229146  |o 226 KNA 1907  |p 5229146  |r 2024-01-18  |w 2019-11-24  |y BK_X  |z Catalogado en:20160428  |k OFM 
952 |0 0  |1 0  |3 erd  |4 0  |6 226_000000000000000_KNA_1907  |7 0  |8 X  |9 476280  |a BIBTEO  |b BIBTEO  |c TEO_FFR  |h v.4  |i 5229154  |o 226 KNA 1907  |p 5229154  |r 2024-01-18  |w 2019-11-24  |y BK_X  |z Catalogado en:20160428  |k OFM